[Event "Liptovsky Mikulas CupT U20"]
[Site "Liptovsky Mikulas"]
[Date "2012.06.23"]
[Round "3.4"]
[White "Lesova, Eva"]
[Black "Janecek, Miroslav"]
[Result "0-1"]
[WhiteElo "1000"]
[BlackElo "1000"]
[PlyCount "103"]
[EventDate "2012.06.22"]
[EventType "team-swiss"]
[EventRounds "9"]
[EventCountry "SVK"]
[SourceTitle "CBM 149 Extra"]
[Source "ChessBase"]
[SourceDate "2012.08.24"]
[SourceVersion "1"]
[SourceVersionDate "2012.08.24"]
[SourceQuality "1"]
[WhiteTeam "Dolni Benesov"]
[BlackTeam "V4 International"]
[WhiteTeamCountry "CZE"]
[BlackTeamCountry "SVK"]

1. e4 e5 2. Nf3 Nc6 3. Nc3 Bc5 4. Bc4 Nd4 5. Nxd4 Bxd4 6. Qf3 Qf6 7. Nd5 Qxf3 8. gxf3 Bb6 9. d3 d6 10. Nxb6 cxb6 11. Bb5+ Bd7 12. Bxd7+ Kxd7 13. Be3 Nf6 14. d4 Rhe8 15. 0-0-0 Ke7 16. Bg5 g6 17. f4 h6 18. Bxf6+ Kxf6 19. fxe5+ dxe5 20. dxe5+ Rxe5 21. Rde1 Kg7 22. f4 Rc5 23. e5 Rac8 24. Re2 Ra5 25. a3 Ra4 26. Rhe1 Rxf4 27. e6 fxe6 28. Rxe6 h5 29. Re7+ Kh6 30. Rxb7 Rf2 31. h4 Rcxc2+ 32. Kb1 Rxb2+ 33. Ka1 Rb5 34. a4 Ra5 35. Ree7 Rxa4+ 36. Kb1 Rxh4 37. Re1 Rhf4 38. Rxa7 Rf1 39. Rc1 Rxc1+ 40. Kxc1 h4 41. Rb7 h3 42. Kd2 h2 43. Ke3 Ra4 44. Rxb6 h1Q 45. Rf6 Qh3+ 46. Ke2 Ra2+ 47. Ke1 Qh1+ 48. Rf1 Ra1+ 49. Kf2 Qxf1+ 50. Ke3 Ra4 51. Kd2 Qf3 52. Ke1 0-1